Преобърнатият човек (Запис номер 348498)
[ съкратено ]
| 000 -Лидер | |
|---|---|
| Контролно поле с фиксирана дължина | 01460nam a2200373 c 4500 |
| 003 - Код на организацията, давaща контролен номер | |
| Контролно поле | BLK |
| 005 - Дата и час на последна редакция | |
| Контролно поле | 20250604150031.0 |
| 008 - Елементи от данни с фиксирана дължина | |
| fixed length control field | 180410b bul|||||r ||||||| ||bul|| |
| 010 ## - Наследен системен номер | |
| LC control number | KNG00165141000 |
| 020 ## - Международен стандартен номер на книга ISBN | |
| Международен стандартен номер на книга ISBN | 978-619-02-0576-0 |
| 040 ## - Източник на каталожния запис | |
| Идентификатор на билиотеката - собственик на записа | BLK |
| 041 ## - Код за език | |
| Код за езика на текст/звукозапис или на отделно заглавие | Български |
| Код за езика КДБФ | Български |
| 072 #7 - Код за тематичната категория | |
| Код организация | bullib |
| Код за тематична категория | Н83 |
| Текст | Чужда художествена литература Н |
| 080 ## - УДК | |
| Текстов определител УДК | Френска литература |
| УДК код - определител по УДК | 821.133.1 |
| УДК определител | -312.4 |
| УДК - код + определител | 821.133.1-312.4 |
| 100 1# - Редна дума - Автор | |
| Автор | Варгас, Фред |
| Авторска отговорност | първи автор |
| R(LIN) | 280132 |
| 139 ## - Редно поле | |
| Редна дума | Варгас, Фред |
| Авторски знак | Вар - В 22 |
| 245 10 - Сведения за заглавието | |
| Заглавие | Преобърнатият човек |
| Подзаглавни данни | Роман |
| Редно поле (дума) | Фред Варгас; прев. от фр. Росица Борисова Ташева. |
| 257 ## - Страна на издаване | |
| Страна на създаване/издаване | Франция |
| 260 ## - Област на издателските данни | |
| Име на издателя, разпространителя и проч. | Колибри |
| Година на издаване | 2020 |
| Печатница | София : Симолини |
| 300 ## - Физическа характеристика | |
| Страници | 296 с. |
| Размери/Мащаб | 20 см |
| 380 ## - Жанр | |
| Жанр | Худож. лит. |
| 490 ## - СЕРИИ (Колекции) | |
| Име на серия | Съвременни трилъри |
| 9 (RLIN) | 203127 |
| 500 ## - Общи забележки | |
| Забележка | Ориг. загл. L'homme a l'envers / Fred Vargas. |
| 653 ## - Ключова дума – ненормативна | |
| Ключова дума | крими |
| 653 ## - Ключова дума – ненормативна | |
| Ключова дума | романи |
| 700 ## - Други автори (авторска отговорност) | |
| Лично име | Ташева, Росица Борисова |
| Дати, свързани с автора | 1946 - |
| Друга информация | Преводач от френски и английски език. |
| 9 (RLIN) | 366084 |
| 852 ## - Местоположение | |
| Фондова буква | Заемна - подръчен фонд |
| Систематично-азбучна сигнатура | П 840-31/В 22 |
| 856 4# - Електронен адрес и достъп | |
| Електронен формат | pdf - файл |
| 856 4# - Електронен адрес и достъп | |
| Електронен формат | pdf - файл |
| 999 ## - СИСТЕМНИ КОНТРОЛНИ НОМЕРА | |
| Koha biblionumber | 348498 |
| Koha biblioitemnumber | 348498 |
| 942 ## - АРТИКУЛИ | |
| Вид на библиотечния материал | Книги |
| Скрит в OPAC | Не |
| Koha issues (borrowed), all copies | 25 |
| Периодичен библиозапис | Да |
| 944 ## - СЪЗДАВАНЕ И РЕДАКЦИЯ на ЗАПИСА | |
| Създаване/Редакция | Създаване |
| Дата на регистрацията/редакция | 23.09.2014 |
| Статус, дата на статуса | Геновева Генчева |
| Служител, извършил регистрацията/редакцията | 30560 |
| 944 ## - СЪЗДАВАНЕ И РЕДАКЦИЯ на ЗАПИСА | |
| Създаване/Редакция | Редакция |
| Дата на регистрацията/редакция | 01.04.2016 |
| Статус, дата на статуса | ф / |
| Служител, извършил регистрацията/редакцията | Людмила_Стоянова |
| 999 ## - СИСТЕМНИ КОНТРОЛНИ НОМЕРА | |
| Koha biblioitemnumber | 158134 |
| Код за отписване | Код за изгубен артикул | Източник на класификационната схема | Код за повреда | Код за отдаване | Артикулен № | Име на библиотеката - собственик | Име на библиотеката, в която се намира в момента | Статус (Текущо местоположение) | Дата на вписване в системата | Местоположение - отдел | Цена в лева | Систематично азбучна сигнатура | Баркод | Цена в евро | Служебен тип на артикула |
|---|---|---|---|---|---|---|---|---|---|---|---|---|---|---|---|
| Не е изгубен | Universal Decimal Classification | Не е повреден | заемане за дома | 755692 | Регионална библиотека "Любен Каравелов" Русе | Регионална библиотека "Любен Каравелов" Русе | Заемна - подръчен фонд | 2020-02-15 | Заемна - подръчен фонд | 12.75 | П 840-31/В 22 | 120000842576 | 6.52 | Книги | |
| Изтеглен | Не е изгубен | Universal Decimal Classification | Не е повреден | заемане за дома | 755693 | Регионална библиотека "Любен Каравелов" Русе | Регионална библиотека "Любен Каравелов" Русе | Заемна - подръчен фонд | 2020-02-15 | Заемна - подръчен фонд | 12.75 | П 840-31/В 22 | 120000842575 | 6.52 | Книги |